| 000 | 01146nam a2200313 c 4500 | ||
|---|---|---|---|
| 003 | BLK | ||
| 005 | 20180422103821.0 | ||
| 008 | 180408b bul|||||r ||||||| ||bul|| | ||
| 010 | _aKNG00084024000 | ||
| 020 |
_a978-954-597-300-0 _bиздат.: Фама |
||
| 040 | _aBLK | ||
| 041 |
_aBUL _cBUL |
||
| 080 |
_aРуска литература _b821.161.1 _x-31 _z821.161.1-31 |
||
| 100 | 1 |
_aЗамятин, Евгений Иванович _eпърви автор _9280703 |
|
| 700 | 1 |
_aБърдарска, Росица _eпрев. от рус. _9366574 |
|
| 139 |
_aЗамятин, Евгений Иванович _bЗ 30 |
||
| 245 | 1 | 0 |
_aНие _bРоман _cЕвгений Иванович Замятин; прев. от рус. Росица Бърдарска. |
| 257 | _aRUS | ||
| 260 |
_аСофия _bФама _c2007 _fСофия : Унискорп |
||
| 300 |
_a175 с. _c20 см |
||
| 380 | _aX | ||
| 490 | 1 | _aКласика | |
| 500 | _aБез сведение за ориг. загл. | ||
| 852 | _aЦб 240173 | ||
| 856 | 4 |
_qpdf _u |
|
| 856 | 4 |
_qpdf _u |
|
| 942 |
_cKNG _n0 |
||
| 944 |
_aCR _c27.05.2008 _kГеновева_Генчева |
||
| 944 |
_aED _c04.07.2008 _k |
||
| 999 |
_c79550 _d79550 |
||